• 首页
  • 本馆介绍
  • 公告通知
  • 最新文献
  • 馆藏检索
  • 电子资源
  • 读者导购
  • 参考咨询
  • 我的图书馆
  • 登录
  • 详细信息显示
  • 放入我的书架
  • 预约/预借图书
  • 作者相关作品
  • 分类相关作品
  • 丛书相关作品
  • 出版社相关作品

书目信息

  • 表格格式
  • 工作单格式
  • 卡片格式
题名:
当代运动与艺术潮流
    
 
作者: 张晓敏 编著
分册:   棒球技术与指导
出版信息: 长春   吉林出版集团有限责任公司  2020.5
页数: 213页
开本: 23cm
丛书名:
单 册:
中图分类: G , G848.1 , G848.1
科图分类:
主题词: 球类运动--通俗读物 , 棒球运动--基本知识
电子资源:
ISBN: 978-7-5534-6275-2
000 01077nam 2200301 45
001 012001000533
005 20211111164845.27
010    @a978-7-5534-6275-2@dCNY28.00
099    @aCAL 012016065670
100    @a20160531d2015 em y0chiy0110 ea
101 0  @achi
102    @aCN@b220000
105    @aa z 000yy
106    @ar
200 1  @a当代运动与艺术潮流@Adang dai yun dong yu yi shu chao liu@i棒球技术与指导@f张晓敏编著
210    @a长春@c吉林出版集团有限责任公司@d2020.5
215    @a213页@c图@d23cm
300    @a其他题名:棒球技术与指导
330    @a本书介绍了棒球这种运动的规则和入门知识, 棒球是一种由多人进行的团体对抗性运动, 要求队员互相配合, 在比赛过程中注重团队配合精神, 规则细节较多, 对个人的体能要求较高。比赛的过程中节奏分明, 因此也成为了世界上许多国家人们喜爱的运动。
517 1  @a棒球技术与指导
606 0  @a球类运动@j通俗读物
606 0  @a棒球运动@x基本知识
690    @aG@v5
690    @aG848.1@v5
690    @aG848.1@v3
701  0 @a张晓敏@AZhang Xiaomin@4编著
801    @aCN@b江苏凤凰@c20211018
905    @b1340029-32@dG848.1@e687@f4
    
    当代运动与艺术潮流.棒球技术与指导/张晓敏编著.-长春:吉林出版集团有限责任公司,2020.5
    213页:图;23cm
    其他题名:棒球技术与指导
    
    ISBN 978-7-5534-6275-2:CNY28.00
    本书介绍了棒球这种运动的规则和入门知识, 棒球是一种由多人进行的团体对抗性运动, 要求队员互相配合, 在比赛过程中注重团队配合精神, 规则细节较多, 对个人的体能要求较高。比赛的过程中节奏分明, 因此也成为了世界上许多国家人们喜爱的运动。
●
相关链接 在E读中查询图书 在五车中查询图书 在当当中查询图书 在豆瓣中查询图书


正题名:当代运动与艺术潮流     索取号:G848.1/687         预约/预借

序号 登录号 条形码 馆藏地/架位号 状态 备注
1 1340029   213400292   第一样本阅览室/ [索取号:G848.1/687] 在馆    
2 1340030   213400309   第四借阅区/ [索取号:G848.1/687] 在馆    
3 1340031   213400318   第四借阅区/ [索取号:G848.1/687] 在馆    
4 1340032   213400327   第四借阅区/ [索取号:G848.1/687] 在馆    
唐山师范学院图书馆 欢迎您!
大连网信软件有限公司© 版权所有